000 01298pam a2200385 i 4500
001 vtls000915932
003 PNM
005 20220209113812.0
008 201020t20202020my ao g 000 0 eng
015 _aM21-04956
020 _a9789670311685
_qpaperback
_cRM23.00
039 9 _a202106271655
_bhabirah
_c202105300032
_dazizan
_c202105060935
_dain
_c202010221322
_ddayang
040 _aBNM
_beng
_cBNM
_erda
_dPPAK
049 _amal
082 0 4 _a720.9595
_223
090 0 0 _a720.9595
_bTAJ
_dG
100 0 _aTajuddin Rasdi,
_cProf., Dr.,
_eauthor.
245 1 0 _aOur Architecture :
_bGerakbudaya Essentials /
_cTajuddin Rasdi ; Edited by William Tham and Sheau Yun Lim
264 1 _aPetaling Jaya, Selangor :
_bGerakbudaya Enterprise,
_c2020
264 4 _c©2020
300 _ax, 121 pages :
_bphotographs ;
_c19 cm
336 _atext
_2rdacontent
337 _aunmediated
_2rdamedia
338 _avolume
_2rdacarrier
504 _aBibliography: pages 118-121
650 1 0 _aArchitecture
_zMalaysia
650 2 0 _aArchitecture, Domestic
_zMalaysia
650 2 0 _aArchitectural design
_zMalaysia
650 2 0 _aArchitectural criticism
_zMalaysia
700 1 _aTham, William,
_eeditor.
700 1 _aSheau, Yun Lim,
_eeditor.
942 _2ddc
_cB
949 _62000784148
949 _62000784149
999 _c187414
_d187414